| 000 | 00728nam a22002177a 4500 | ||
|---|---|---|---|
| 003 | DO-SdBNP | ||
| 005 | 20250218104215.0 | ||
| 007 | ta | ||
| 008 | 211122b2021 dr a|||| |||| 00| 0 dr d | ||
| 020 | _a9789945924947 | ||
| 040 |
_aDO-SdBNP _bspa _cBNPHU |
||
| 100 | 1 |
_aMartínez, Cristian _91853 |
|
| 245 | 1 | 0 |
_aMarginalia del Manuscrito de Ferrara : _bnoticias del Nuevo Mundo / _cCristian Martínez Villanueva (Crismar). |
| 260 |
_aSanto Domingo : _bOceano Azul Ediciones _c2021. |
||
| 300 |
_a166 p. : _bil. ; _c25 cm. |
||
| 500 | _aIncluye datos biográficos del autor en la solapa de la cubierta. | ||
| 504 | _aBibliografía : p. 164 | ||
| 590 | _aInventariado, 2021 /LP | ||
| 910 | _aLopérez. | ||
| 942 |
_2ddc _cLBS1 |
||
| 999 |
_c51014 _d51014 |
||